00382nam a22001217a 4500003000400000005001700004008004100021040002700062100001900089245011300108260003100221300000800252OSt20240403112312.0240403b |||||||| |||| 00| 0 eng d cCentral Library MRSPTU aS.V. Kirloskar aThe Man Who Made Machines bBiography of The Pioneering Industrialist from Maharashtra : Laxmanrao Kirloskar bKirloskar Brothers Limited a278